Greek Tragedy - Statistics

General Stats
  • This quiz has been taken 50 times
  • The average score is 6 of 15
Answer Stats
Hint Answer % Correct
Woman is sentenced to death after burying her brother Antigone
69%
Woman murders her children to protect them from exile Medea
58%
Woman predicts her own death and that of her lover at the hands of the latter's wife Agamemnon
53%
Woman awaits the the return of her brother Electra
50%
Woman reunites with her husband in Egypt after the Trojan War Helen
50%
Man tears his eyes apart after discovering incestuous relations at his own house Oedipus the King
44%
Man is sent by Apollo to the Areopagus in Athens to stand judgement Orestes
39%
In his madness, a man slaughters sheep mistaking them for the Greek leaders of the Trojan War Ajax
36%
Aphrodite plots against Theseu's son Hippolytus
31%
Woman murders her son and carries his head thinking it's a lion's Bacchae
25%
Neoptolemus and Odysseus trick a man into fighting in Troy Philoctetes
25%
Chained man converses with a heifer fleeing from a horsefly Prometheus Bound
25%
The Great King laments the loss of an army in battle The Persians
25%
Man is driven to Athens by creatures seeking revenge from a hideous crime Eumenides
17%
Woman avenges her daughter by killing a King Hecuba
3%
No matching quizzes found
Score Distribution
Percent of People with Each Score
Percentile by Number Answered
Your Score History
You have not taken this quiz